00704cam a2200265 i 45000010008000000030009000080050017000170070008000340080039000420150006000810170009000870200015000960350006001110400025001170800006001420820020001481000032001682450062002002600034002623000020002965000043003165860037003596500019003966500023004150000516DO-SdBNP20171121115124.00000516100514s 2003 mx | |||| 000 f spa  a  a b  a9681912519 a  aBPMSUbspacBPMSUe  a  4aPe863.44bV297p1 aVargas Llosa, Mario,d1936-13aEl paraíso en la otra esquina /h cMario Vargas Llosa  aMéxico :bAlfaguara,c2003. a485 p.: c23 cm aIncluye datos biográficos del autor. aPremio Nobel de literatura 2010. aNOVELA PERUANA aLITERATURA PERUANA